01447nab a22002297a 4500999001500000003000400015005001700019008004100036040000700077100003000084245016800114260007200282300001300354500003500367505048300402505009000885650002600975650003201001650003201033773013901065942001301204 c5322d5322OSt20250220113406.0190605e xxu||||| |||| 00| 0 spa d cPJ 96370aLoredo, María Sol10aPrincipio de gratuidad, beneficio de justicia gratuita y costas procesales. Un abordaje sobre la inequidad entre trabajadores y consumidores /cMaría Sol Loredo. aCiudad Autónoma de Buenos Aires :bThomson Reuters La Ley,c2025. ap. 27-39 aCita Online: AR/DOC/3133/2024. aSumario: I. Introducción.— II. Vulnerabilidad de los trabajadores y de los usuarios y consumidores. Análisis comparativo de los arts. 20 de la ley 20.744 y 53 de la ley 24.240.— III. Reflexiones sobre los alcances del beneficio de justicia gratuita y el principio de gratuidad.— IV. Desafíos en el acceso a la justicia: El fallo "Cantos" de la Corte Interamericana de Derechos Humanos y la postura de la Corte Suprema de Justicia de la Nación.— V. Conclusión.  t¿Te interesa el texto completo? Solicitalo al correo: koha@justierradelfuego.gov.ar  091316aDERECHO LABORAL 091514aPROCEDIMIENTO LABORAL 091339aCONFLICTOS DE TRABAJO0 0271193168dCiudad Autónoma de Buenos Aires : Thomson Reuters La Ley, 1999-2002.tRevista de derecho del trabajo. Nº 1 - Enero 2025 2udccANA